[Event "Colonie op"]
[Site "Colonie"]
[Date "2003.02.02"]
[Round "4"]
[White "Ferguson, Philip"]
[Black "Chesbro, George C"]
[Result "1-0"]
[WhiteElo "1711"]
[BlackElo "1568"]
[PlyCount "35"]
[EventDate "2003.01.31"]
[EventType "swiss"]
[EventRounds "5"]
[EventCountry "USA"]
[SourceTitle "EXT 2008"]
[Source "ChessBase"]
[SourceDate "2007.11.25"]
[SourceVersion "1"]
[SourceVersionDate "2007.11.25"]
[SourceQuality "1"]

1. e4 c5 2. c3 Nc6 3. d4 cxd4 4. cxd4 d5 5. Ne2 dxe4 6. Nbc3 Nf6 7. d5 Ne5 8. Ng3 a6 9. Ngxe4 b5 10. Nxf6+ gxf6 11. a3 Bb7 12. f4 Nd7 13. Be3 Nb6 14. Qh5 Nxd5 15. Rd1 e6 16. f5 Qe7 17. fxe6 Nxe3 18. Bxb5+ 1-0